Historia de la teología
Uloženo v:
| Hlavní autoři: | , |
|---|---|
| Médium: | Kniha |
| Jazyk: | španělština |
| Vydáno: |
Madrid
Biblioteca de Autores Cristianos
1996
|
| Vydání: | 2a. ed |
| Edice: | Sapientia Fidei. Serie de Manuales de Teología, 9
|
| Témata: | |
| Tagy: |
Přidat tag
Žádné tagy, Buďte první, kdo vytvoří štítek k tomuto záznamu!
|
MARC
| LEADER | 00000nam a2200000 a 4500 | ||
|---|---|---|---|
| 001 | UCO5184 | ||
| 003 | CL-VaPUC | ||
| 008 | 000825e19960000SP |||||||||||||||||spa|d | ||
| 020 | |a 8479142596 | ||
| 082 | 0 | 4 | |a 209 |b ILL |2 21 |
| 100 | |a Illanes Maestre, José Luis |e autor |9 321685 | ||
| 700 | 0 | |a Saranyana, Josep Ignasi |e author |9 449957 | |
| 245 | 1 | 0 | |a Historia de la teología |
| 250 | |a 2a. ed | ||
| 300 | |a 406 p | ||
| 942 | |c BK | ||
| 945 | |d 20000825 00:00:00 |a vberengu | ||
| 260 | |a Madrid |b Biblioteca de Autores Cristianos |c 1996 | ||
| 650 | 0 | |a Teología |9 258766 | |
| 650 | 0 | |a Teología |x Historia |9 327618 | |
| 583 | |a last modification |c 20000825 00:00:00 |k Rodrigo Vera | ||
| 490 | 0 | |a Sapientia Fidei. Serie de Manuales de Teología, 9 | |
| 999 | |c 291131 |d 291129 | ||
| 952 | |0 0 |1 0 |4 0 |6 209_000000000000000_ILL_1996 |7 0 |8 A |9 340823 |a BIBTEO |b BIBTEO |d 2019-11-20 |i 3640183 |o 209 ILL 1996 |p 3640183 |r 2025-01-17 |w 2019-11-20 |y BK |k ICR | ||
| 952 | |0 0 |1 0 |4 0 |6 209_000000000000000_ILL_1996 |7 0 |8 A |9 340824 |a BIBTEO |b BIBTEO |d 2019-11-20 |i 4266595 |o 209 ILL 1996 |p 4266595 |r 2025-01-17 |w 2019-11-20 |y BK |k ICR | ||